Babelfish Books Quiz Stats

Quiz Updated Oct 13, 2016

Challenge
Share
Tweet
Embed
Score 0/20 Timer 06:00
0 Plays Today
Translation Book % Correct
The Collector in the RyeThe Catcher in the Rye
98.8%
Small WomenLittle Women
96.8%
In Order to Kill a Bird that it ImitatesTo Kill a Mockingbird
95%
Gentleman of the FliesLord of the Flies
94.5%
From the Mice and the IndividualsOf Mice and Men
93.6%
Animal Agriculture CompanyAnimal Farm
90.3%
With Warfare PeaceWar and Peace
88.5%
Eggs and Prosciutto GreensGreen Eggs and Ham
87.4%
Direction and SensitivitySense and Sensibility
82.3%
Two Urban FablesA Tale of Two Cities
82%
Translation Book % Correct
The Wind in the PasturesThe Wind in the Willows
72.9%
Rage Herring HeightsWuthering Heights
71.5%
The Importance which has the SeriousnessThe Importance of Being Earnest
69.7%
A Lot of Trouble for NothingMuch Ado About Nothing
65.6%
War ArtThe Art of War
62.7%
Fox Splendid PersonFantastic Mr Fox
60.7%
DuskTwilight
58.5%
Life, Outer Space and AllLife, the Universe and Everything
36.6%
Wonderful is Surprising Magician from the Country LakeThe Wonderful Wizard of Oz
18%
On the Beginning of the FormOn the Origin of Species
15.8%

You're not logged in!

Compare scores with friends on all Sporcle quizzes.
Sign Up with Email
OR
Log In

You Might Also Like...

Show Comments

Extras

Top Quizzes Today


Score Distribution

Your Account Isn't Verified!

In order to create a playlist on Sporcle, you need to verify the email address you used during registration. Go to your Sporcle Settings to finish the process.